Multi-racial South Africa: the reconciliation of forces (Record no. 363759)

000 -LEADER
fixed length control field 00385cam a22001337a 4500
008 - FIXED-LENGTH DATA ELEMENTS--GENERAL INFORMATION
fixed length control field 180718b1961 xxu||||| |||| 00| 0 eng d
082 ## - DEWEY DECIMAL CLASSIFICATION NUMBER
Classification number B1241x68 D35
100 ## - MAIN ENTRY--PERSONAL NAME
Personal name De Beer, Z.J.
245 ## - TITLE STATEMENT
Title Multi-racial South Africa: the reconciliation of forces
Statement of responsibility, etc. by Z.J. De Beer
260 ## - PUBLICATION, DISTRIBUTION, ETC.
Place of publication, distribution, etc. London
Name of publisher, distributor, etc. OUP
Date of publication, distribution, etc. 1961
300 ## - PHYSICAL DESCRIPTION
Extent 69p.
500 ## - GENERAL NOTE
General note 6/-
650 ## - SUBJECT ADDED ENTRY--TOPICAL TERM
Topical term or geographic name entry element Race Problem - Union of South Africa
Holdings
Withdrawn status Lost status Damaged status Not for loan Permanent Location Current Location Date acquired Full call number Barcode Date last seen Price effective from Koha item type
        Indian Institute of Public Administration Indian Institute of Public Administration 1994-04-05 B1241x68 D35 28713 2018-07-21 2018-07-21 Book

Powered by Koha